Four Word Taylor Swift Songs - Statistics

General Stats
  • This quiz has been taken 606 times
  • The average score is 14 of 24
Answer Stats
Hint Answer % Correct
1989 Welcome To New York
75%
Taylor Swift Teardrops On My Guitar
74%
Fearless You Belong With Me
71%
Reputation King Of My Heart
70%
1989 Out Of The Woods
69%
Reputation I Did Something Bad
68%
1989 I Wish You Would
67%
Evermore No Body No Crime
66%
Midnights Snow On The Beach
63%
Lover Soon You'll Get Better
63%
Speak Now The Story Of Us
63%
Folklore This Is Me Trying
62%
Lover I Think He Knows
61%
1989 You Are In Love
61%
Evermore Tis The Damn Season
58%
Red Come Back Be Here
57%
Evermore It's Time To Go
56%
Taylor Swift A Perfectly Good Heart
55%
Red The Very First Night
55%
Red Message In A Bottle
54%
Red The Moment I knew
53%
Fearless Today Was A Fairytale
49%
Fearless You All Over Me
47%
Single Half Of My Heart
13%
No matching quizzes found
Score Distribution
Percent of People with Each Score
Percentile by Number Answered
Your Score History
You have not taken this quiz